[Event "Issy les Moulineaux tt"]
[Site "Issy les Moulineaux"]
[Date "2008.11.23"]
[Round "3.7"]
[White "Godart, Michel"]
[Black "Aloyau, Jean Pierre"]
[Result "1-0"]
[WhiteElo "1829"]
[BlackElo "1910"]
[PlyCount "85"]
[EventDate "2008.10.19"]
[EventType "team-tourn"]
[EventRounds "7"]
[EventCountry "FRA"]
[SourceTitle "EXT 2010"]
[Source "ChessBase"]
[SourceDate "2010.11.25"]
[SourceVersion "1"]
[SourceVersionDate "2010.11.25"]
[SourceQuality "1"]
[WhiteTeam "Tours de Haute Picardie  II"]
[BlackTeam "Tour Blanche"]
[WhiteTeamCountry "FRA"]
[BlackTeamCountry "FRA"]

1. Nf3 Nf6 2. b3 d5 3. Bb2 c5 4. e3 Nc6 5. Be2 Bg4 6. h3 Bh5 7. d3 e6 8. Ne5 Bxe2 9. Qxe2 Bd6 10. Nxc6 bxc6 11. e4 Bc7 12. Nd2 0-0 13. e5 Nd7 14. 0-0 Qh4 15. f4 Bb6 16. Kh1 Rae8 17. g3 Qd8 18. Nf3 Bc7 19. Rad1 Ba5 20. Rc1 Qc8 21. d4 Bb6 22. Ba3 Qb7 23. c4 Qa6 24. Qb2 Rc8 25. Rfd1 Rfd8 26. dxc5 Bxc5 27. b4 Be3 28. Rc3 Qa4 29. Qe2 Nb6 30. Rdd3 d4 31. Nxd4 Bxd4 32. Qd2 c5 33. bxc5 Nxc4 34. Rxd4 Nxd2 35. Rxa4 Nb1 36. Rc2 Rd3 37. Bb4 Rd4 38. Rb2 Nc3 39. Rxa7 Nd5 40. Bd2 h5 41. Rc2 Rc6 42. a4 Nb6 43. Ra6 1-0

[Event "Issy les Moulineaux tt"]
[Site "Issy les Moulineaux"]
[Date "2008.10.19"]
[Round "1.5"]
[White "Godart, Michel"]
[Black "Truchot, Remi"]
[Result "0-1"]
[WhiteElo "1829"]
[BlackElo "2040"]
[PlyCount "75"]
[EventDate "2008.10.19"]
[EventType "team-tourn"]
[EventRounds "7"]
[EventCountry "FRA"]
[SourceTitle "EXT 2010"]
[Source "ChessBase"]
[SourceDate "2010.11.25"]
[SourceVersion "1"]
[SourceVersionDate "2010.11.25"]
[SourceQuality "1"]
[WhiteTeam "Tours de Haute Picardie  II"]
[BlackTeam "Saint Georges"]
[WhiteTeamCountry "FRA"]
[BlackTeamCountry "FRA"]

1. c4 e5 2. g3 Nc6 3. Bg2 g6 4. Nc3 Bg7 5. d3 d6 6. Bd2 Be6 7. Rb1 Qd7 8. b4 Nge7 9. b5 Nd8 10. Nd5 f5 11. Bg5 Nxd5 12. cxd5 Bf7 13. Qc1 h6 14. Bd2 g5 15. h4 g4 16. e4 Rc8 17. exf5 Qxf5 18. Be4 Qf6 19. h5 0-0 20. Be3 b6 21. Rh4 Nb7 22. Rxg4 Bxh5 23. Rh4 Bg6 24. Qd2 Nc5 25. Nh3 Bxe4 26. dxe4 Qf3 27. Ng1 Qf6 28. Rb2 Rf7 29. f3 Rcf8 30. Kd1 Kh7 31. Rh3 Qg6 32. Rb4 Rxf3 33. Nxf3 Rxf3 34. Kc2 Nxe4 35. Qd3 Nf6 36. Qxg6+ Kxg6 37. Bg1 Nxd5 38. Kd2 0-1

[Event "Avoine op 23rd"]
[Site "Avoine"]
[Date "2008.07.22"]
[Round "4"]
[White "Godart, Michel"]
[Black "Jarreton, Herve"]
[Result "0-1"]
[WhiteElo "1807"]
[BlackElo "2068"]
[PlyCount "122"]
[EventDate "2008.07.19"]
[EventType "swiss"]
[EventRounds "9"]
[EventCountry "FRA"]
[SourceTitle "CBM 125 Extra"]
[Source "ChessBase"]
[SourceDate "2008.09.01"]
[SourceVersion "1"]
[SourceVersionDate "2008.09.01"]
[SourceQuality "1"]

1. Nf3 d6 2. g3 Nc6 3. Bg2 e5 4. d3 Bg4 5. h3 Bh5 6. c4 f5 7. Nc3 h6 8. Rb1 Nf6 9. b4 d5 10. cxd5 Nxd5 11. Nxd5 Qxd5 12. a3 Nd4 13. Nh4 e4 14. dxe4 fxe4 15. g4 0-0-0 16. e3 Nf3+ 17. Bxf3 Qa2 18. Bd2 Rxd2 19. Qxd2 Qxb1+ 20. Bd1 Bf7 21. 0-0 Qd3 22. Qc1 Bc4 23. Re1 Be7 24. Nf5 Bf6 25. Be2 Qxe2 26. Rxe2 Bxe2 27. Nd6+ Kb8 28. Nxe4 Rd8 29. Nxf6 gxf6 30. Qb2 Bc4 31. Qxf6 Rd1+ 32. Kh2 b5 33. Qxh6 Rd3 34. Qh8+ Kb7 35. Qa1 a5 36. g5 Rb3 37. bxa5 Ka6 38. Qd4 Rxa3 39. g6 Rd3 40. Qa1 Rd6 41. g7 Rg6 42. Qe5 Kxa5 43. Qxc7+ Ka4 44. h4 Kb3 45. h5 Rg5 46. Kh3 Rxh5+ 47. Kg4 Rh1 48. Kf5 Rg1 49. Qe5 b4 50. Kf6 Kc2 51. Qh2 Rf1 52. Qg2 Ra1 53. g8Q Bxg8 54. Qxg8 b3 55. Qc4+ Kb2 56. f4 Rc1 57. Qxb3+ Kxb3 58. e4 Kc4 59. Ke6 Kd4 60. f5 Rc6+ 61. Ke7 Ke5 0-1

[Event "La Fere op 7th"]
[Site "La Fere"]
[Date "2008.07.11"]
[Round "8"]
[White "Godart, Michel"]
[Black "Thomas, Olivier"]
[Result "0-1"]
[WhiteElo "1820"]
[BlackElo "2105"]
[PlyCount "36"]
[EventDate "2008.07.05"]
[EventType "swiss"]
[EventRounds "9"]
[EventCountry "FRA"]
[SourceTitle "CBM 125 Extra"]
[Source "ChessBase"]
[SourceDate "2008.09.01"]
[SourceVersion "1"]
[SourceVersionDate "2008.09.01"]
[SourceQuality "1"]

1. c4 Nf6 2. Nc3 g6 3. d4 Bg7 4. e4 d6 5. Be2 0-0 6. g4 c5 7. d5 e6 8. g5 Ne8 9. h4 exd5 10. cxd5 f5 11. gxf6 Qxf6 12. Be3 Qe7 13. Bd3 Nf6 14. Nge2 b5 15. Ng3 c4 16. Bc2 Ng4 17. Bg5 Qf7 18. Rf1 Nh2 0-1

[Event "La Fere op 7th"]
[Site "La Fere"]
[Date "2008.07.10"]
[Round "7"]
[White "Godart, Michel"]
[Black "Vernede, Victor"]
[Result "1-0"]
[WhiteElo "1820"]
[BlackElo "1700"]
[PlyCount "73"]
[EventDate "2008.07.05"]
[EventType "swiss"]
[EventRounds "9"]
[EventCountry "FRA"]
[SourceTitle "CBM 125 Extra"]
[Source "ChessBase"]
[SourceDate "2008.09.01"]
[SourceVersion "1"]
[SourceVersionDate "2008.09.01"]
[SourceQuality "1"]

1. c4 e6 2. g3 Nf6 3. Bg2 d5 4. Nf3 c5 5. 0-0 Nc6 6. b3 Be7 7. Bb2 0-0 8. e3 b6 9. Nc3 Bb7 10. cxd5 Nxd5 11. Nxd5 exd5 12. d4 c4 13. bxc4 dxc4 14. Qa4 Na5 15. Nd2 Bxg2 16. Kxg2 a6 17. Bc3 Qd5+ 18. e4 Qb5 19. Qc2 Rfc8 20. Rab1 Qc6 21. Qb2 Rab8 22. Rfc1 Qa4 23. Qc2 Qxc2 24. Rxc2 h6 25. Bxa5 bxa5 26. Rxb8 Rxb8 27. Nxc4 Bb4 28. Ne3 Rd8 29. d5 f6 30. Rc6 Rd6 31. Rxd6 Bxd6 32. Nc4 Bc7 33. a4 Kf7 34. f4 Ke8 35. Kf3 Kd7 36. e5 fxe5 37. fxe5 1-0

[Event "La Fere op 7th"]
[Site "La Fere"]
[Date "2008.07.06"]
[Round "3"]
[White "Godart, Michel"]
[Black "Soveaux, Jean"]
[Result "0-1"]
[WhiteElo "1820"]
[BlackElo "1660"]
[PlyCount "44"]
[EventDate "2008.07.05"]
[EventType "swiss"]
[EventRounds "9"]
[EventCountry "FRA"]
[SourceTitle "CBM 125 Extra"]
[Source "ChessBase"]
[SourceDate "2008.09.01"]
[SourceVersion "1"]
[SourceVersionDate "2008.09.01"]
[SourceQuality "1"]

1. d4 Nf6 2. Nf3 d5 3. e3 Nc6 4. a3 h6 5. Bd3 e6 6. Nbd2 Bd6 7. b3 e5 8. dxe5 Nxe5 9. Be2 Ng6 10. Bb2 c6 11. Bd3 Ne7 12. Nh4 Bg4 13. f3 Bd7 14. Qe2 Qc7 15. g3 0-0-0 16. Bxf6 gxf6 17. e4 Be5 18. Rd1 Bd4 19. c4 Rde8 20. Kf1 Bh3+ 21. Ng2 Nf5 22. f4 Ne3+ 0-1

[Event "La Fere op 7th"]
[Site "La Fere"]
[Date "2008.07.05"]
[Round "1"]
[White "Godart, Michel"]
[Black "Siauve, Julien"]
[Result "0-1"]
[WhiteElo "1820"]
[BlackElo "1682"]
[PlyCount "48"]
[EventDate "2008.07.05"]
[EventType "swiss"]
[EventRounds "9"]
[EventCountry "FRA"]
[SourceTitle "CBM 125 Extra"]
[Source "ChessBase"]
[SourceDate "2008.09.01"]
[SourceVersion "1"]
[SourceVersionDate "2008.09.01"]
[SourceQuality "1"]

1. d4 c5 2. d5 d6 3. c4 g6 4. Nc3 Bg7 5. e4 Nf6 6. Be2 0-0 7. g4 Na6 8. g5 Ne8 9. h4 f5 10. h5 fxe4 11. hxg6 hxg6 12. Nxe4 Bf5 13. Ng3 Qd7 14. Nf3 Nb4 15. Nxf5 Qxf5 16. Kd2 Be5 17. Nxe5 Qxe5 18. f3 Qxg5+ 19. Kc3 Qe5+ 20. Kb3 a5 21. a4 Ra6 22. Qg1 Qxe2 23. Qxg6+ Ng7 24. Bd2 Qxd2 0-1

[Event "Fleurus op"]
[Site "Fleurus"]
[Date "2008.03.14"]
[Round "8"]
[White "Godart, Michel"]
[Black "Godart, Francois"]
[Result "1/2-1/2"]
[WhiteElo "1807"]
[BlackElo "2002"]
[PlyCount "59"]
[EventDate "2008.01.11"]
[EventType "swiss"]
[EventRounds "9"]
[EventCountry "BEL"]
[SourceTitle "EXT 2010"]
[Source "ChessBase"]
[SourceDate "2010.11.25"]
[SourceVersion "1"]
[SourceVersionDate "2010.11.25"]
[SourceQuality "1"]

1. d4 Nf6 2. c4 g6 3. Nc3 Bg7 4. e4 d6 5. Be2 0-0 6. g4 c5 7. g5 Nfd7 8. d5 f5 9. exf5 Rxf5 10. f4 Nf8 11. h4 e5 12. Nh3 Qe8 13. Ne4 Qe7 14. Nhf2 exf4 15. Bg4 Bd7 16. Bd2 Bd4 17. Qc2 Rf7 18. 0-0-0 Na6 19. Rde1 Be5 20. h5 Qd8 21. Qb3 Rb8 22. hxg6 hxg6 23. Rh4 Rg7 24. Reh1 Kf7 25. Bc3 Qe7 26. Bxe5 Qxe5 27. Re1 b6 28. Bxd7 Nxd7 29. Qb5 Qe7 30. Qxa6 1/2-1/2

[Event "Rohde op 07th"]
[Site "Sautron"]
[Date "2007.10.30"]
[Round "5"]
[White "Murie, Eric"]
[Black "Godart, Michel"]
[Result "1-0"]
[WhiteElo "2078"]
[BlackElo "1817"]
[PlyCount "34"]
[EventDate "2007.10.27"]
[EventType "swiss"]
[EventRounds "9"]
[EventCountry "FRA"]
[SourceTitle "EXT 2008"]
[Source "ChessBase"]
[SourceDate "2007.11.25"]
[SourceVersion "1"]
[SourceVersionDate "2007.11.25"]
[SourceQuality "1"]

1. e4 c6 2. Nc3 d5 3. Qf3 d4 4. Bc4 e6 5. Nce2 b5 6. Bb3 a5 7. a4 Ra7 8. d3 Na6 9. axb5 cxb5 10. Nh3 a4 11. Ba2 Rc7 12. c3 b4 13. Bc4 bxc3 14. bxc3 Rxc4 15. dxc4 Qa5 16. 0-0 dxc3 17. Nxc3 Bb4 1-0

[Event "La Fere op 5th"]
[Site "La Fere"]
[Date "2006.07.09"]
[Round "2"]
[White "Lonnoy, Simon"]
[Black "Godart, Michel"]
[Result "1/2-1/2"]
[WhiteElo "1640"]
[BlackElo "1857"]
[PlyCount "39"]
[EventDate "2006.07.08"]
[EventType "swiss"]
[EventRounds "9"]
[EventCountry "FRA"]
[SourceTitle "CBM 113 Extra"]
[Source "ChessBase"]
[SourceDate "2006.09.14"]
[SourceVersion "1"]
[SourceVersionDate "2006.09.14"]
[SourceQuality "1"]

1. e4 c6 2. d4 d5 3. exd5 cxd5 4. Nf3 Nf6 5. c4 Be6 6. cxd5 Bxd5 7. Nc3 e6 8. Bf4 a6 9. Be2 Nc6 10. 0-0 Bd6 11. Nxd5 Nxd5 12. Bxd6 Qxd6 13. Re1 Rd8 14. Qb3 b5 15. Rad1 0-0 16. a3 Nde7 17. Bd3 Qd5 18. Qc3 Rc8 19. Qd2 g6 20. Be4 1/2-1/2

[Event "Fenain op 8th"]
[Site "Fenain "]
[Date "2006.02.13"]
[Round "5"]
[White "Godart, Michel"]
[Black "Durez, Cedric"]
[Result "0-1"]
[WhiteElo "1882"]
[BlackElo "1988"]
[PlyCount "60"]
[EventDate "2006.02.11"]
[EventType "swiss"]
[EventRounds "7"]
[EventCountry "FRA"]
[SourceTitle "EXT 2008"]
[Source "ChessBase"]
[SourceDate "2007.11.25"]
[SourceVersion "1"]
[SourceVersionDate "2007.11.25"]
[SourceQuality "1"]

1. c4 e5 2. g3 Bc5 3. e3 Nf6 4. Bg2 0-0 5. Ne2 a6 6. 0-0 Nc6 7. Nbc3 d6 8. a3 Bf5 9. d4 exd4 10. exd4 Ba7 11. Kh1 Re8 12. b4 Qc8 13. Bg5 Ne4 14. Nxe4 Bxe4 15. f3 Bf5 16. Ra2 h6 17. Bc1 Bh3 18. Rd2 Bxg2+ 19. Kxg2 Ne7 20. Rd3 c6 21. Nf4 d5 22. cxd5 Nxd5 23. Nxd5 cxd5 24. Re3 Rxe3 25. Bxe3 Qc3 26. Qc1 Rc8 27. Rd1 Qxc1 28. Bxc1 Rc4 29. Be3 Rc2+ 30. Kh3 Rc3 0-1

[Event "Vandoeuvre op"]
[Site "Vandoeuvre"]
[Date "2004.12.26"]
[Round "1"]
[White "Godart, Michel"]
[Black "Zaffaroni, Jeremie"]
[Result "1/2-1/2"]
[WhiteElo "1676"]
[BlackElo "1981"]
[PlyCount "58"]
[EventDate "2004.12.26"]
[EventType "swiss"]
[EventRounds "9"]
[EventCountry "FRA"]
[SourceTitle "CBM 104 Extra"]
[Source "ChessBase"]
[SourceDate "2005.03.01"]
[SourceVersion "1"]
[SourceVersionDate "2005.03.01"]
[SourceQuality "1"]

1. c4 g6 2. g3 f5 3. Bg2 Nf6 4. Nc3 Bg7 5. d3 0-0 6. e4 d6 7. Nge2 e5 8. 0-0 c6 9. b4 Be6 10. Rb1 fxe4 11. Nxe4 Nxe4 12. Bxe4 d5 13. cxd5 cxd5 14. Bg2 Nc6 15. b5 Ne7 16. Ba3 Rf7 17. d4 e4 18. Qb3 Qd7 19. Rbc1 Nf5 20. Rfd1 Nd6 21. Bxd6 Qxd6 22. Nf4 Raf8 23. Rc5 Rxf4 24. gxf4 Qxf4 25. Qg3 Qxg3 26. hxg3 Bg4 27. Rd2 Bh6 28. Rdc2 Bd1 29. Rb2 Rd8 1/2-1/2